LEADER 01953nam 2200421 n 450 001 996390455303316 005 20200824121325.0 035 $a(CKB)4940000000100432 035 $a(EEBO)2240939269 035 $a(UnM)99832931e 035 $a(UnM)99832931 035 $a(EXLCZ)994940000000100432 100 $a19951218d1646 uy | 101 0 $aeng 135 $aurbn||||a|bb| 200 00$aDe non temerandis ecclesiis,=$b[electronic resource] $echurches not to be violated. A tract of the rights and respect due unto churches: written to a gentleman who having an appropriate parsonage imployed the church to prophane uses, and left the parishioners uncertainly provided of divine service, in a parish neere there adjoyning. VVritten and first published thirty years since by Sir Henry Spelman knight 205 $aThe third edition with a new epistle, shewing the ill successe of sacriledge. 210 $aOxford $cprinted by Henry Hall printer to the Universitie$d1646 215 $a[32], 40, 4 p 300 $a"To the reader" is signed: Clem: Spelman. 300 $a"The articles recommended by the Arch-bishop of Canterbury to all the bishops within his metropolitan jurisdiction, the 16th of July, 1688" has caption title, separate register and pagination. 300 $aReproduction of the original in the Henry E. Huntington Library and Art Gallery. 330 $aeebo-0113 606 $aChurch polity$vEarly works to 1800 606 $aChurch property$zEngland$vEarly works to 1800 606 $aSecularization$vEarly works to 1800 615 0$aChurch polity 615 0$aChurch property 615 0$aSecularization 700 $aSpelman$b Henry$cSir,$f1564?-1641.$01002110 701 $aSpelman$b Clement$f1598-1679.$01003038 801 0$bCu-RivES 801 1$bCu-RivES 801 2$bWaOLN 906 $aBOOK 912 $a996390455303316 996 $aDe non temerandis ecclesiis$92350551 997 $aUNISA LEADER 01115nam a2200241 i 4500 001 991002937169707536 005 20021022144148.0 008 960610s1866 fr ||| | fre 035 $ab11730961-39ule_inst 035 $aLE021FD223186$9ExL 040 $aDip. SSSC$bita 100 1 $aManne, Edmond-Denis De$0451932 245 10$aGalerie historique des comediens de la troupe de Talma :$bnotices sur les principaux sociétaires de la comédie francoise :$bdepuis 1789 jusqu'aux trente prmières années de ce siècle (ouvrage faisant fuiteà la troupe de Voltaire) /$cpar E. D. De Manne ; avec 260 $aLyon :$bN. Scheuring,$c1866 650 4$aComedie Française$y1789-1830 650 4$aTalma, Francois-Joseph 700 1 $aHillemacher, Frédéric 907 $a.b11730961$b02-04-14$c24-10-02 912 $a991002937169707536 945 $aLE021FD ANT29D24$g1$iLE021FD-2791$lle023$nFondo D'Amico$o-$pE0.00$q-$rn$so $t0$u0$v0$w0$x0$y.i11970893$z24-10-02 996 $aGalerie historique des comediens de la troupe de Talma$9903138 997 $aUNISALENTO 998 $ale021$b10-06-96$cm$da $e-$ffre$gfr $h0$i1 LEADER 03972nam 2200757 a 450 001 9910785955903321 005 20230801224930.0 010 $a1-283-62804-X 010 $a9786613940490 010 $a3-11-028348-4 024 7 $a10.1515/9783110283488 035 $a(CKB)2670000000263192 035 $a(EBL)893416 035 $a(OCoLC)811964428 035 $a(SSID)ssj0000722450 035 $a(PQKBManifestationID)12340827 035 $a(PQKBTitleCode)TC0000722450 035 $a(PQKBWorkID)10695386 035 $a(PQKB)10435227 035 $a(MiAaPQ)EBC893416 035 $a(DE-B1597)176050 035 $a(OCoLC)853237663 035 $a(OCoLC)961581047 035 $a(DE-B1597)9783110283488 035 $a(Au-PeEL)EBL893416 035 $a(CaPaEBR)ebr10606422 035 $a(CaONFJC)MIL394049 035 $a(EXLCZ)992670000000263192 100 $a20120416d2012 uy 0 101 0 $aeng 135 $aurnn#---|u||u 181 $ctxt 182 $cc 183 $acr 200 10$aAram and Israel during the Jehuite dynasty$b[electronic resource] /$fShuichi Hasegawa 210 $aBerlin ;$aBoston $cDe Gruyter$d2012 215 $a1 online resource (228 p.) 225 1 $aBeihefte zur Zeitschrift fu?r die alttestamentliche Wissenschaft,$x0934-2575 ;$vBd. 434 300 $aDescription based upon print version of record. 311 0 $a3-11-028335-2 320 $aIncludes bibliographical references and indexes. 327 $tFront matter --$tAcknowledgements --$tTable of Contents --$tList of Tables --$tAbbreviations --$tIntroduction --$t1. Chronology of the Jehuite Kings --$t2. The Rise of Jehu (841 BCE) --$t3. The Rise of Hazael and the Aramaean Expansion --$t4. The Reigns of Jehu and Joahaz (841-798 BCE) --$t5. The Reign of Joash (799/798-784 BCE) --$t6. The Reign of Jeroboam II (784-748 BCE) --$t7. The End of the Jehuite Dynasty (747 BCE) --$tConclusion --$tBibliography --$tMaps --$tIndices 330 $aThe Jehuite Dynasty ruled more than ninety years (841-747 BCE) in the Kingdom of Israel, the longest dynasty in the history of the Northern Kingdom. Under the five kings of the dynasty, Israel was thrown into the arena of the regional political struggles and experienced the time of an unprecedented upheaval and then enjoyed great prosperity. The Aramaeans under Hazael and Ben-Hadad of Damascus and the Assyrians from the north Mesopotamia had great influence on the history of the dynasty. This book is the result of a comprehensive and updated historical study on this significant dynasty. By consulting all the available Assyrian, Aramaic, Hebrew, and Moabite inscriptions and recent archaeological data, this study radically evaluates the historical authenticity of the biblical text of 2 Kings and some parts of the Books of Amos and Hosea and integrates the results into the historical discussion. The study reveals the great importance of this dynasty in the history of the Northern Kingdom as a turning point in its policy toward the Neo-Assyrian Empire and will contribute toward understanding the history of Syria-Palestine in the 9th-8th centuries BCE. 410 0$aBeihefte zur Zeitschrift fu?r die alttestamentliche Wissenschaft ;$v434. 606 $aJews$xHistory$yTo 586 B.C 606 $aJews$xPolitics and government$yTo 70 A.D 606 $aArameans$xHistory 607 $aSyria$xHistory$yTo 333 B.C 607 $aMiddle East$xAntiquities 610 $aAram-Damascus. 610 $aBook of Kings. 610 $aHazael. 610 $aJehu. 610 $aKingdom of Israel. 615 0$aJews$xHistory 615 0$aJews$xPolitics and government 615 0$aArameans$xHistory. 676 $a933/.4 700 $aHasegawa$b Shuichi$f1971-$01517784 801 0$bMiAaPQ 801 1$bMiAaPQ 801 2$bMiAaPQ 906 $aBOOK 912 $a9910785955903321 996 $aAram and Israel during the Jehuite dynasty$93755008 997 $aUNINA